000
00415nam a2200157Ia 4500
008
100122s9999 xx 000 0 und d
082
_b
30516
_a
823
100
_a
खानोलकर चिं त्र्यं
245
_a
अजगर
250
_a
1
260
_b
मौज प्रकाशन गृह
_c
1977
300
_a
1977
630
_a
अजगर
730
_a
अजगर
942
_c
BOOK
999
_c
415347
_d
415344